Most popular Will Smith songs on Youtube - Statistics

General Stats
  • This quiz has been taken 15 times
  • The average score is 3 of 10
Answer Stats
Hint Answer % Correct
3. Men in Black
91%
5. Wild Wild West
82%
2. Miami
73%
4. Gettin'jiggy wit it
36%
8. Freakin'it
18%
9. Will 2K
18%
10. 1.000 kisses
0%
7. Black suits comin'
0%
6. Party Starter
0%
1. Switch
0%
No matching quizzes found
Score Distribution
Percent of People with Each Score
Percentile by Number Answered
Your Score History
You have not taken this quiz